Catholic University of Zimbabwe Library
Online Public Access Catalogue
(OPAC)

Citizen of Africa (Record no. 9246)

MARC details
000 -LEADER
fixed length control field 00367 a2200133 4500
020 ## - INTERNATIONAL STANDARD BOOK NUMBER
International Standard Book Number 1933146222
005 - DATE AND TIME OF LATEST TRANSACTION
control field 20191017172710.0
084 ## - OTHER CLASSIFICATION NUMBER
Classification number JQ2925 .C43 2006
245 ## - TITLE STATEMENT
Title Citizen of Africa
Remainder of title : conversations with Morgan Tsvangirai
Medium print
260 ## - PUBLICATION, DISTRIBUTION, ETC.
Place of publication, distribution, etc. mdu
Name of publisher, distributor, etc. Academica Press
Date of publication, distribution, etc. c2006
300 ## - PHYSICAL DESCRIPTION
Extent p. cm.
Other physical details p. cm.
Dimensions p. cm.
500 ## - GENERAL NOTE
General note Stephen Chan.
650 ## - SUBJECT ADDED ENTRY--TOPICAL TERM
Topical term or geographic name entry element History
700 ## - ADDED ENTRY--PERSONAL NAME
Personal name Chan, Stephen

No items available.

OPENING HOURS

Weekdays: 0815hrs - 1800hrs
Weekends:0900hrs - 1200hrs

Closed for Mass:

Mon, Thur: 1200hrs - 1300hrs
Sunday & Public Holiday’s

CALL SUPPORT

0242-570570, 0242-570169
09200664, +263 8644140602

LOCATION

18443, Cranborne Avenue, Hatfield, Harare

Other Links


©2021 | CUZ Library